[Event "WCO 2016"]
[Site "?"]
[Date "2016.09.11"]
[Round "9"]
[Board "12"]
[WhiteID "4147855"]
[White "Pogonina Natalija"]
[BlackID "12400300"]
[Black "Nguyen Thi Thanh An"]
[Result "1/2-1/2"]
[BlackElo "2249"]
[WhiteElo "2484"]
[LiveChessVersion "1.4.8"]

1. d4 {[%clk 1:30:57]} Nf6 {[%clk 1:30:51]} 2. c4 {[%clk 1:31:23]} g6
{[%clk 1:31:07]} 3. Nc3 {[%clk 1:31:45]} Bg7 {[%clk 1:31:32]} 4. e4
{[%clk 1:32:08]} d6 {[%clk 1:31:56]} 5. f3 {[%clk 1:32:29]} O-O {[%clk 1:31:35]}
6. Bg5 {[%clk 1:32:47]} a6 {[%clk 1:26:53]} 7. Qd2 {[%clk 1:32:26]} c6
{[%clk 1:25:54]} 8. Nge2 {[%clk 1:22:33]} b5 {[%clk 1:25:07]} 9. Ng3
{[%clk 1:21:12]} bxc4 {[%clk 1:19:16]} 10. Bxc4 {[%clk 1:11:50]} Nbd7
{[%clk 1:17:14]} 11. O-O {[%clk 1:08:57]} Rb8 {[%clk 1:16:00]} 12. Kh1
{[%clk 0:56:30]} c5 {[%clk 1:13:41]} 13. d5 {[%clk 0:55:39]} Rb4 {[%clk 1:13:11]}
14. Be2 {[%clk 0:53:44]} Ne5 {[%clk 1:06:35]} 15. b3 {[%clk 0:48:19]} h5
{[%clk 1:02:19]} 16. f4 {[%clk 0:41:32]} Rd4 {[%clk 0:47:00]} 17. Qc2
{[%clk 0:33:27]} Neg4 {[%clk 0:46:35]} 18. Qc1 {[%clk 0:29:25]} Nh7
{[%clk 0:44:48]} 19. Bh4 {[%clk 0:28:29]} Qe8 {[%clk 0:39:32]} 20. Bc4
{[%clk 0:25:59]} e5 {[%clk 0:33:09]} 21. dxe6 {[%clk 0:25:13]} fxe6
{[%clk 0:32:40]} 22. h3 {[%clk 0:20:08]} Ngf6 {[%clk 0:30:56]} 23. Qc2
{[%clk 0:18:31]} d5 {[%clk 0:24:52]} 24. exd5 {[%clk 0:15:20]} Nxd5
{[%clk 0:24:51]} 25. Nxd5 {[%clk 0:14:50]} exd5 {[%clk 0:25:05]} 26. Rae1
{[%clk 0:13:27]} Qc6 {[%clk 0:21:26]} 27. Bd3 {[%clk 0:13:46]} Rfxf4
{[%clk 0:19:55]} 28. Rxf4 {[%clk 0:12:17]} Rxf4 {[%clk 0:20:17]} 29. Bxg6
{[%clk 0:12:43]} Nf8 {[%clk 0:18:01]} 30. Be8 {[%clk 0:13:03]} Qh6
{[%clk 0:15:22]} 31. Be7 {[%clk 0:12:21]} h4 {[%clk 0:13:11]} 32. Nh5
{[%clk 0:11:32]} Bf5 {[%clk 0:10:54]} 33. Qxc5 {[%clk 0:09:43]} Be4
{[%clk 0:10:58]} 34. Nxf4 {[%clk 0:05:19]} Qxf4 {[%clk 0:11:19]} 35. Bd6
{[%clk 0:04:01]} Qd2 {[%clk 0:10:45]} 36. Rxe4 {[%clk 0:02:49]} dxe4
{[%clk 0:11:07]} 37. Bc6 {[%clk 0:02:34]} Kh8 {[%clk 0:05:10]} 38. Be5
{[%clk 0:01:16]} Ng6 {[%clk 0:04:27]} 39. Bxg7+ {[%clk 0:00:46]} Kxg7
{[%clk 0:04:55]} 40. Bb7 {[%clk 0:30:41]} e3 {[%clk 0:33:56]} 41. Qc7+
{[%clk 0:23:45]} Kh6 {[%clk 0:33:26]} 42. Bxa6 {[%clk 0:23:13]} e2
{[%clk 0:26:22]} 43. Bxe2 {[%clk 0:23:21]} Qxe2 {[%clk 0:26:48]} 44. Qc1+
{[%clk 0:23:25]} Kg7 {[%clk 0:27:05]} 45. a4 {[%clk 0:22:25]} Qf2
{[%clk 0:21:57]} 46. Qg1 {[%clk 0:18:20]} Qd2 {[%clk 0:21:11]} 47. g3
{[%clk 0:15:16]} Qd5+ {[%clk 0:19:06]} 48. Kh2 {[%clk 0:14:30]} Qd2+
{[%clk 0:17:05]} 49. Kh1 {[%clk 0:14:16]} Qd5+ {[%clk 0:17:29]} 50. Kh2
{[%clk 0:14:23]} Qd2+ {[%clk 0:17:26]} 51. Kh1 {[%clk 0:14:46]} Qd5+
{[%clk 0:17:46]} 52. Kh2 {[%clk 0:15:11]} Qd2+ {[%clk 0:13:29]} 1/2-1/2

[Event "WCO 2016"]
[Site "?"]
[Date "2016.09.11"]
[Round "9"]
[Board "13"]
[WhiteID "14111330"]
[White "Muzychuk Anna"]
[BlackID "13401521"]
[Black "Mamedjarova Zeinab"]
[Result "1-0"]
[BlackElo "2295"]
[WhiteElo "2550"]
[LiveChessVersion "1.4.8"]

1. e4 {[%clk 1:30:57]} e5 {[%clk 1:30:55]} 2. Nf3 {[%clk 1:31:19]} d6
{[%clk 1:31:18]} 3. d4 {[%clk 1:31:16]} exd4 {[%clk 1:31:42]} 4. Nxd4
{[%clk 1:31:40]} Nf6 {[%clk 1:32:08]} 5. Nc3 {[%clk 1:31:57]} Be7
{[%clk 1:32:29]} 6. g3 {[%clk 1:28:23]} d5 {[%clk 1:31:59]} 7. e5
{[%clk 1:28:00]} Ng4 {[%clk 1:31:24]} 8. Bg2 {[%clk 1:28:05]} Nxe5
{[%clk 1:16:01]} 9. Qe2 {[%clk 1:26:25]} Nec6 {[%clk 1:12:19]} 10. Be3
{[%clk 1:26:10]} Nxd4 {[%clk 1:08:56]} 11. Bxd4 {[%clk 1:26:34]} O-O
{[%clk 1:07:50]} 12. Nxd5 {[%clk 1:26:39]} Bb4+ {[%clk 0:44:56]} 13. Nxb4
{[%clk 1:25:37]} Qxd4 {[%clk 0:45:19]} 14. Nd5 {[%clk 1:25:41]} Na6
{[%clk 0:22:47]} 15. O-O {[%clk 1:16:47]} c6 {[%clk 0:19:09]} 16. Rfd1
{[%clk 0:51:32]} Qg4 {[%clk 0:17:59]} 17. Bf3 {[%clk 0:50:00]} Qe6
{[%clk 0:15:07]} 18. Ne7+ {[%clk 0:46:20]} Kh8 {[%clk 0:15:23]} 19. Nxc8
{[%clk 0:46:31]} Qxc8 {[%clk 0:15:16]} 20. Qe7 {[%clk 0:37:00]} Rb8
{[%clk 0:12:34]} 21. Rd3 {[%clk 0:34:56]} Qf5 {[%clk 0:11:14]} 22. Re1
{[%clk 0:32:59]} Qc5 {[%clk 0:06:59]} 23. Rd7 {[%clk 0:28:54]} Qb6
{[%clk 0:05:06]} 24. Qe5 {[%clk 0:12:52]} Qc5 {[%clk 0:05:14]} 25. c3
{[%clk 0:10:51]} Kg8 {[%clk 0:04:41]} 26. Qf4 {[%clk 0:08:05]} Qb6
{[%clk 0:02:42]} 27. b4 {[%clk 0:07:43]} Rbd8 {[%clk 0:02:59]} 28. Ree7
{[%clk 0:08:03]} Rxd7 {[%clk 0:03:00]} 29. Rxd7 {[%clk 0:08:30]} Qb5
{[%clk 0:02:24]} 30. Be4 {[%clk 0:05:45]} Qe2 {[%clk 0:00:55]} 31. Rxb7
{[%clk 0:03:30]} Qe1+ {[%clk 0:01:18]} 32. Kg2 {[%clk 0:03:57]} Qxc3
{[%clk 0:01:40]} 33. Qd6 {[%clk 0:04:00]} g6 {[%clk 0:00:42]} 34. Bd3
{[%clk 0:03:19]} Qd2 {[%clk 0:00:45]} 35. a3 {[%clk 0:02:50]} h5 {[%clk 0:00:33]}
36. h4 {[%clk 0:02:52]} Qc3 {[%clk 0:00:33]} 37. Bxa6 {[%clk 0:02:56]} 1-0

[Event "WCO 2016"]
[Site "?"]
[Date "2016.09.11"]
[Round "9"]
[Board "14"]
[WhiteID "13403729"]
[White "Mammadzada Gunay"]
[BlackID "14114550"]
[Black "Muzychuk Mariya"]
[Result "0-1"]
[BlackElo "2539"]
[WhiteElo "2361"]
[LiveChessVersion "1.4.8"]

1. e4 {[%clk 1:30:56]} c5 {[%clk 1:30:49]} 2. Nf3 {[%clk 1:31:21]} a6
{[%clk 1:31:13]} 3. c4 {[%clk 1:31:44]} e6 {[%clk 1:31:30]} 4. Nc3
{[%clk 1:32:04]} Qc7 {[%clk 1:30:28]} 5. d4 {[%clk 1:30:46]} cxd4
{[%clk 1:30:48]} 6. Nxd4 {[%clk 1:31:12]} Nf6 {[%clk 1:30:43]} 7. a3
{[%clk 1:26:38]} b6 {[%clk 1:25:28]} 8. Be2 {[%clk 1:26:25]} Bb7 {[%clk 1:25:41]}
9. f3 {[%clk 1:26:46]} d6 {[%clk 1:21:41]} 10. Be3 {[%clk 1:26:41]} Be7
{[%clk 1:21:20]} 11. O-O {[%clk 1:27:03]} O-O {[%clk 1:21:40]} 12. Qd2
{[%clk 1:27:23]} Nbd7 {[%clk 1:18:29]} 13. Rfd1 {[%clk 1:14:48]} Rac8
{[%clk 1:17:13]} 14. Rac1 {[%clk 1:06:43]} Qb8 {[%clk 1:17:01]} 15. Kh1
{[%clk 1:04:53]} Bd8 {[%clk 1:13:46]} 16. Bg1 {[%clk 1:03:42]} Bc7
{[%clk 1:09:46]} 17. Rc2 {[%clk 1:01:01]} Rfd8 {[%clk 0:58:38]} 18. b4
{[%clk 0:52:59]} Ne5 {[%clk 0:53:46]} 19. Qe1 {[%clk 0:47:15]} Ng6
{[%clk 0:51:46]} 20. Na4 {[%clk 0:41:44]} Nd7 {[%clk 0:34:57]} 21. Bf1
{[%clk 0:34:00]} h5 {[%clk 0:31:37]} 22. Rb1 {[%clk 0:26:55]} Qa8
{[%clk 0:28:26]} 23. c5 {[%clk 0:25:20]} dxc5 {[%clk 0:26:48]} 24. bxc5
{[%clk 0:24:58]} bxc5 {[%clk 0:26:20]} 25. Nxc5 {[%clk 0:24:06]} Nxc5
{[%clk 0:25:26]} 26. Rxc5 {[%clk 0:24:35]} Be5 {[%clk 0:23:35]} 27. Nb3
{[%clk 0:22:25]} h4 {[%clk 0:21:48]} 28. Qa5 {[%clk 0:21:10]} Bd6
{[%clk 0:19:22]} 29. Rxc8 {[%clk 0:21:20]} Rxc8 {[%clk 0:19:47]} 30. Nc5
{[%clk 0:12:37]} Bxc5 {[%clk 0:19:31]} 31. Bxc5 {[%clk 0:13:03]} h3
{[%clk 0:19:23]} 32. Qb4 {[%clk 0:10:12]} hxg2+ {[%clk 0:10:50]} 33. Kxg2
{[%clk 0:07:35]} Bxe4 {[%clk 0:07:00]} 34. Qxe4 {[%clk 0:01:45]} Qxe4
{[%clk 0:07:14]} 35. fxe4 {[%clk 0:02:08]} Rxc5 {[%clk 0:07:41]} 36. Rb8+
{[%clk 0:02:15]} Kh7 {[%clk 0:07:31]} 37. Rb7 {[%clk 0:02:25]} f6
{[%clk 0:05:24]} 38. Bxa6 {[%clk 0:01:02]} Ra5 {[%clk 0:05:37]} 39. Bc4
{[%clk 0:00:46]} Rxa3 {[%clk 0:05:18]} 40. Rb3 {[%clk 0:30:43]} Ra2+
{[%clk 0:34:48]} 41. Kg3 {[%clk 0:30:41]} e5 {[%clk 0:34:47]} 42. Rb8
{[%clk 0:27:45]} Ra4 {[%clk 0:29:06]} 43. Bd5 {[%clk 0:27:23]} Nf4
{[%clk 0:29:08]} 44. Bb3 {[%clk 0:25:31]} Rd4 {[%clk 0:28:32]} 45. Kg4
{[%clk 0:21:20]} Rd3 {[%clk 0:21:08]} 46. Kf5 {[%clk 0:18:24]} Rf3
{[%clk 0:18:16]} 47. Bg8+ {[%clk 0:17:00]} Kh6 {[%clk 0:18:39]} 48. Bf7
{[%clk 0:16:09]} Ng6+ {[%clk 0:16:58]} 49. Ke6 {[%clk 0:16:10]} Rf4
{[%clk 0:16:12]} 50. Rb4 {[%clk 0:14:29]} Rh4 {[%clk 0:15:23]} 51. Kf5
{[%clk 0:10:02]} Nf8 {[%clk 0:15:03]} 0-1

[Event "WCO 2016"]
[Site "?"]
[Date "2016.09.11"]
[Round "9"]
[Board "15"]
[WhiteID "14110911"]
[White "Ushenina Anna"]
[BlackID "13403508"]
[Black "Mammadova Gulnar"]
[Result "1/2-1/2"]
[BlackElo "2304"]
[WhiteElo "2457"]
[LiveChessVersion "1.4.8"]

1. d4 {[%clk 1:30:54]} d5 {[%clk 1:30:51]} 2. c4 {[%clk 1:31:19]} c6
{[%clk 1:31:17]} 3. Nf3 {[%clk 1:31:35]} Nf6 {[%clk 1:31:42]} 4. Nc3
{[%clk 1:31:44]} a6 {[%clk 1:31:58]} 5. e3 {[%clk 1:17:15]} g6 {[%clk 1:32:07]}
6. b4 {[%clk 1:15:03]} Bg7 {[%clk 1:31:30]} 7. Bb2 {[%clk 1:15:21]} O-O
{[%clk 1:30:12]} 8. Rc1 {[%clk 1:14:31]} Bg4 {[%clk 1:26:57]} 9. Qb3
{[%clk 1:01:44]} Bxf3 {[%clk 1:19:45]} 10. gxf3 {[%clk 1:01:20]} e6
{[%clk 1:19:28]} 11. Be2 {[%clk 0:51:37]} Nbd7 {[%clk 1:17:02]} 12. f4
{[%clk 0:46:32]} b5 {[%clk 1:12:52]} 13. cxb5 {[%clk 0:43:33]} cxb5
{[%clk 1:11:44]} 14. a4 {[%clk 0:44:00]} bxa4 {[%clk 1:11:23]} 15. Nxa4
{[%clk 0:35:46]} Ne4 {[%clk 1:09:11]} 16. Qc2 {[%clk 0:34:51]} g5
{[%clk 1:01:22]} 17. f3 {[%clk 0:21:28]} Nd6 {[%clk 1:00:00]} 18. e4
{[%clk 0:15:58]} gxf4 {[%clk 0:51:47]} 19. O-O {[%clk 0:15:45]} Nb6
{[%clk 0:45:26]} 20. Nxb6 {[%clk 0:16:11]} Qxb6 {[%clk 0:45:45]} 21. Qc5
{[%clk 0:16:37]} Rab8 {[%clk 0:44:58]} 22. exd5 {[%clk 0:08:56]} Qxc5
{[%clk 0:42:26]} 23. Rxc5 {[%clk 0:09:08]} Rxb4 {[%clk 0:42:33]} 24. Bc3
{[%clk 0:07:21]} Bxd4+ {[%clk 0:42:17]} 25. Bxd4 {[%clk 0:07:37]} Rxd4
{[%clk 0:42:42]} 26. dxe6 {[%clk 0:07:24]} fxe6 {[%clk 0:42:55]} 27. Bxa6
{[%clk 0:07:49]} Ra8 {[%clk 0:40:50]} 28. Rc6 {[%clk 0:07:54]} Kf7
{[%clk 0:40:14]} 29. Re1 {[%clk 0:07:49]} Kf6 {[%clk 0:37:12]} 30. Re2
{[%clk 0:07:46]} h5 {[%clk 0:33:32]} 31. Rb2 {[%clk 0:07:03]} Rg8+
{[%clk 0:28:37]} 32. Kf2 {[%clk 0:07:24]} h4 {[%clk 0:24:48]} 33. Bf1
{[%clk 0:05:28]} Rc8 {[%clk 0:22:26]} 34. Rxc8 {[%clk 0:03:48]} Nxc8
{[%clk 0:22:54]} 35. Kg2 {[%clk 0:03:50]} Ne7 {[%clk 0:19:45]} 36. Kh3
{[%clk 0:03:53]} Nf5 {[%clk 0:20:09]} 37. Ba6 {[%clk 0:03:00]} Ne3
{[%clk 0:13:42]} 38. Bb7 {[%clk 0:02:38]} Rd8 {[%clk 0:11:24]} 39. Rb4
{[%clk 0:02:17]} Ke5 {[%clk 0:09:21]} 40. Rb5+ {[%clk 0:32:11]} Nd5
{[%clk 0:38:29]} 41. Rb2 {[%clk 0:29:45]} Kf5 {[%clk 0:32:04]} 42. Rd2
{[%clk 0:29:22]} Rd7 {[%clk 0:25:32]} 43. Bc6 {[%clk 0:28:05]} Rd8
{[%clk 0:25:40]} 44. Bb7 {[%clk 0:28:28]} Rd7 {[%clk 0:24:35]} 45. Bc6
{[%clk 0:28:45]} Rd8 {[%clk 0:24:42]} 46. Bb7 {[%clk 0:29:09]} Rd7
{[%clk 0:22:08]} 47. Bc6 {[%clk 0:29:28]} Rd8 {[%clk 0:22:24]} 1/2-1/2

[Event "WCO 2016"]
[Site "?"]
[Date "2016.09.11"]
[Round "9"]
[Board "16"]
[WhiteID "13401491"]
[White "Hojjatova Aydan"]
[BlackID "14101181"]
[Black "Gaponenko Inna"]
[Result "0-1"]
[BlackElo "2416"]
[WhiteElo "2339"]
[LiveChessVersion "1.4.8"]

1. e4 {[%clk 1:30:57]} c5 {[%clk 1:30:53]} 2. Nf3 {[%clk 1:31:19]} Nf6
{[%clk 1:31:14]} 3. e5 {[%clk 1:29:32]} Nd5 {[%clk 1:31:37]} 4. c4
{[%clk 1:18:34]} Nc7 {[%clk 1:31:01]} 5. d4 {[%clk 1:11:20]} cxd4
{[%clk 1:29:59]} 6. Nxd4 {[%clk 1:08:08]} g6 {[%clk 1:17:00]} 7. Bd3
{[%clk 0:53:00]} Bg7 {[%clk 1:09:00]} 8. Nf3 {[%clk 0:49:56]} Nc6
{[%clk 1:05:22]} 9. Qe2 {[%clk 0:45:44]} d6 {[%clk 1:00:13]} 10. exd6
{[%clk 0:41:02]} Qxd6 {[%clk 1:00:37]} 11. Nbd2 {[%clk 0:38:18]} Ne6
{[%clk 0:54:46]} 12. Ne4 {[%clk 0:31:23]} Qb4+ {[%clk 0:52:48]} 13. Bd2
{[%clk 0:26:22]} Qxb2 {[%clk 0:51:37]} 14. Rb1 {[%clk 0:24:51]} Qxa2
{[%clk 0:44:50]} 15. O-O {[%clk 0:23:48]} O-O {[%clk 0:42:19]} 16. Qe3
{[%clk 0:20:14]} Ned4 {[%clk 0:20:36]} 17. Nxd4 {[%clk 0:16:41]} Bxd4
{[%clk 0:20:57]} 18. Qh6 {[%clk 0:12:30]} Bg7 {[%clk 0:21:02]} 19. Qe3
{[%clk 0:11:05]} Qa3 {[%clk 0:17:39]} 20. Rfc1 {[%clk 0:09:34]} f5
{[%clk 0:04:24]} 21. c5 {[%clk 0:02:03]} Ne5 {[%clk 0:04:14]} 22. Rc3
{[%clk 0:00:55]} Qa4 {[%clk 0:01:11]} 23. Bc2 {[%clk 0:00:48]} Qc6
{[%clk 0:01:30]} 24. Ng5 {[%clk 0:00:42]} h6 {[%clk 0:01:15]} 25. Bb3+
{[%clk 0:00:41]} Kh8 {[%clk 0:01:07]} 26. f4 {[%clk 0:00:44]} Ng4
{[%clk 0:01:17]} 27. Qxe7 {[%clk 0:00:49]} Qf6 {[%clk 0:00:42]} 28. Nf7+
{[%clk 0:00:42]} Kh7 {[%clk 0:00:47]} 29. Qxf6 {[%clk 0:00:40]} Bxf6
{[%clk 0:00:46]} 30. Rd3 {[%clk 0:00:38]} Be7 {[%clk 0:00:37]} 31. Rc1
{[%clk 0:00:41]} Nf6 {[%clk 0:00:46]} 32. Re3 {[%clk 0:00:38]} Ne4
{[%clk 0:01:02]} 33. Nd6 {[%clk 0:00:41]} Bxd6 {[%clk 0:00:33]} 34. cxd6
{[%clk 0:01:07]} Rd8 {[%clk 0:00:41]} 35. Bd5 {[%clk 0:00:39]} Rxd6
{[%clk 0:00:39]} 36. Bxe4 {[%clk 0:00:42]} fxe4 {[%clk 0:00:32]} 37. Bb4
{[%clk 0:00:36]} Rc6 {[%clk 0:00:34]} 38. Rxc6 {[%clk 0:00:42]} bxc6
{[%clk 0:01:03]} 39. Rxe4 {[%clk 0:01:07]} Bf5 {[%clk 0:01:11]} 40. Re7+
{[%clk 0:30:39]} Kg8 {[%clk 0:31:35]} 41. Ba5 {[%clk 0:27:00]} Rb8
{[%clk 0:14:49]} 42. Rxa7 {[%clk 0:24:24]} Rb1+ {[%clk 0:15:09]} 43. Kf2
{[%clk 0:24:48]} Rb2+ {[%clk 0:15:35]} 44. Kf3 {[%clk 0:21:38]} h5
{[%clk 0:10:09]} 45. Rc7 {[%clk 0:18:17]} Rb3+ {[%clk 0:07:10]} 46. Kf2
{[%clk 0:16:57]} Be4 {[%clk 0:07:34]} 47. g3 {[%clk 0:15:09]} Kf8
{[%clk 0:07:59]} 48. Bd2 {[%clk 0:13:24]} Ke8 {[%clk 0:08:17]} 49. Ba5
{[%clk 0:12:37]} Rb2+ {[%clk 0:07:51]} 50. Ke3 {[%clk 0:12:36]} Bd5
{[%clk 0:08:08]} 51. Kd4 {[%clk 0:08:29]} Rxh2 52. Ke5 {[%clk 0:08:47]} Re2+
{[%clk 0:07:34]} 53. Kf6 {[%clk 0:08:51]} Re6+ {[%clk 0:07:30]} 54. Kg7
{[%clk 0:09:03]} Be4 {[%clk 0:06:18]} 55. Bb4 {[%clk 0:05:52]} Bf5
{[%clk 0:04:33]} 56. Bc5 {[%clk 0:04:21]} Kd8 {[%clk 0:04:47]} 57. Rf7
{[%clk 0:03:32]} Re2 {[%clk 0:04:23]} 58. Ra7 {[%clk 0:01:06]} Rc2
{[%clk 0:02:40]} 59. Ra5 {[%clk 0:00:38]} Rc3 {[%clk 0:02:28]} 60. Bf2
{[%clk 0:00:37]} Ke7 {[%clk 0:02:05]} 61. Re5+ {[%clk 0:00:35]} Kd6
{[%clk 0:02:26]} 62. Kf6 {[%clk 0:00:43]} c5 {[%clk 0:02:25]} 63. Re8
{[%clk 0:00:44]} Rc2 {[%clk 0:02:14]} 64. Be3 {[%clk 0:00:34]} c4
{[%clk 0:02:10]} 65. Rd8+ {[%clk 0:00:40]} Kc7 {[%clk 0:01:10]} 66. Rd4
{[%clk 0:00:37]} Bd3 {[%clk 0:01:24]} 67. Rd5 {[%clk 0:00:34]} Rg2
{[%clk 0:00:57]} 68. Rc5+ {[%clk 0:00:39]} Kd6 {[%clk 0:01:14]} 69. f5
{[%clk 0:00:32]} gxf5 {[%clk 0:01:10]} 70. Rc8 {[%clk 0:00:41]} Kd7
{[%clk 0:01:29]} 71. Rc5 0-1

[Event "WCO 2016"]
[Site "?"]
[Date "2016.09.11"]
[Round "9"]
[Board "17"]
[WhiteID "5015197"]
[White "Harika Dronavalli"]
[BlackID "1004786"]
[Black "Peng Zhaoqin"]
[Result "1-0"]
[BlackElo "2368"]
[WhiteElo "2542"]
[LiveChessVersion "1.4.8"]

1. e4 {[%clk 1:30:52]} c5 {[%clk 1:29:07]} 2. Nf3 {[%clk 1:30:38]} Nc6
{[%clk 1:29:23]} 3. d4 {[%clk 1:30:39]} cxd4 {[%clk 1:29:35]} 4. Nxd4
{[%clk 1:31:04]} e6 {[%clk 1:25:40]} 5. Nc3 {[%clk 1:30:32]} Qc7 {[%clk 1:25:42]}
6. Be2 {[%clk 1:30:36]} a6 {[%clk 1:25:22]} 7. O-O {[%clk 1:29:54]} Nf6
{[%clk 1:21:17]} 8. Be3 {[%clk 1:29:35]} Bb4 {[%clk 1:18:45]} 9. Nxc6
{[%clk 1:28:55]} Bxc3 {[%clk 1:11:35]} 10. bxc3 {[%clk 1:27:24]} bxc6
{[%clk 0:58:43]} 11. f4 {[%clk 1:26:05]} Nxe4 {[%clk 0:54:05]} 12. Bf3
{[%clk 1:22:45]} Nf6 {[%clk 0:49:39]} 13. Bc5 {[%clk 1:02:17]} d5
{[%clk 0:49:55]} 14. Qd4 {[%clk 0:55:32]} Rb8 {[%clk 0:46:54]} 15. Rae1
{[%clk 0:44:33]} Rb5 {[%clk 0:35:37]} 16. c4 {[%clk 0:32:26]} Rxc5
{[%clk 0:33:33]} 17. Qxc5 {[%clk 0:32:45]} Nd7 {[%clk 0:33:39]} 18. Qa3
{[%clk 0:31:31]} Qxf4 {[%clk 0:15:32]} 19. Rxe6+ {[%clk 0:28:08]} fxe6
{[%clk 0:14:44]} 20. Bh5+ {[%clk 0:28:19]} g6 {[%clk 0:15:11]} 21. Rxf4
{[%clk 0:27:37]} gxh5 {[%clk 0:15:36]} 22. cxd5 {[%clk 0:25:23]} exd5
{[%clk 0:15:05]} 23. Rf3 {[%clk 0:25:07]} c5 {[%clk 0:07:45]} 24. Qe3+
{[%clk 0:16:51]} Kd8 {[%clk 0:08:09]} 25. Qg5+ {[%clk 0:17:12]} Kc7
{[%clk 0:08:30]} 26. Rf7 {[%clk 0:17:30]} Re8 {[%clk 0:04:36]} 27. Qxd5
{[%clk 0:17:37]} Re2 {[%clk 0:02:21]} 28. Qxc5+ {[%clk 0:15:20]} Kd8
{[%clk 0:02:26]} 29. Qa5+ {[%clk 0:15:11]} Ke8 {[%clk 0:02:37]} 30. Qxh5
{[%clk 0:14:30]} 1-0

[Event "WCO 2016"]
[Site "?"]
[Date "2016.09.11"]
[Round "9"]
[Board "18"]
[WhiteID "1017292"]
[White "Haast Anne"]
[BlackID "5029295"]
[Black "Padmini Rout"]
[Result "1-0"]
[BlackElo "2408"]
[WhiteElo "2306"]
[LiveChessVersion "1.4.8"]

1. e4 {[%clk 1:30:58]} c5 {[%clk 1:30:50]} 2. Nf3 {[%clk 1:31:20]} e6
{[%clk 1:30:57]} 3. d4 {[%clk 1:31:32]} cxd4 {[%clk 1:31:19]} 4. Nxd4
{[%clk 1:31:54]} Nc6 {[%clk 1:31:42]} 5. Nc3 {[%clk 1:31:57]} Qc7
{[%clk 1:31:49]} 6. Qd3 {[%clk 1:31:41]} a6 {[%clk 1:25:18]} 7. Nxc6
{[%clk 1:31:34]} bxc6 {[%clk 1:23:02]} 8. Qg3 {[%clk 1:31:09]} d6
{[%clk 1:22:30]} 9. Be2 {[%clk 1:13:55]} Nf6 {[%clk 1:21:17]} 10. O-O
{[%clk 1:13:37]} Nd7 {[%clk 1:17:24]} 11. Be3 {[%clk 0:46:48]} Rb8
{[%clk 1:12:54]} 12. b3 {[%clk 0:45:08]} g6 {[%clk 1:06:30]} 13. Na4
{[%clk 0:42:17]} h5 {[%clk 0:54:02]} 14. h4 {[%clk 0:36:18]} Be7 {[%clk 0:39:38]}
15. Rad1 {[%clk 0:34:05]} Ne5 {[%clk 0:35:00]} 16. Bd4 {[%clk 0:30:25]} Rh7
{[%clk 0:33:07]} 17. c4 {[%clk 0:29:48]} Ng4 {[%clk 0:27:34]} 18. f3
{[%clk 0:27:52]} e5 {[%clk 0:22:23]} 19. fxg4 {[%clk 0:27:24]} exd4
{[%clk 0:18:47]} 20. gxh5 {[%clk 0:26:36]} Rh6 {[%clk 0:19:04]} 21. c5
{[%clk 0:21:54]} Be6 {[%clk 0:18:27]} 22. Rxd4 {[%clk 0:20:44]} Qa7
{[%clk 0:16:21]} 23. Qe3 {[%clk 0:12:52]} dxc5 {[%clk 0:16:01]} 24. Rdd1
{[%clk 0:12:47]} Bf8 {[%clk 0:15:44]} 25. hxg6 {[%clk 0:06:48]} Rxg6
{[%clk 0:16:12]} 26. h5 {[%clk 0:07:08]} Rg8 {[%clk 0:16:12]} 27. Nb2
{[%clk 0:06:17]} Qe7 {[%clk 0:12:35]} 28. Qf4 {[%clk 0:04:45]} Rb4
{[%clk 0:10:52]} 29. Nc4 {[%clk 0:02:56]} Qg5 {[%clk 0:11:09]} 30. Qxg5
{[%clk 0:02:08]} Rxg5 {[%clk 0:11:37]} 31. Nd6+ {[%clk 0:02:14]} Ke7
{[%clk 0:10:19]} 32. Nf5+ {[%clk 0:01:52]} Bxf5 {[%clk 0:07:43]} 33. Rxf5
{[%clk 0:01:17]} Rxf5 {[%clk 0:07:40]} 34. exf5 {[%clk 0:01:47]} a5
{[%clk 0:07:23]} 35. Bc4 {[%clk 0:01:51]} a4 {[%clk 0:07:19]} 36. Kf2
{[%clk 0:01:16]} axb3 {[%clk 0:07:44]} 37. axb3 {[%clk 0:01:43]} Rb7
{[%clk 0:07:54]} 38. Kf3 {[%clk 0:01:39]} Bh6 {[%clk 0:05:08]} 39. g4
{[%clk 0:01:06]} Rc7 {[%clk 0:02:59]} 40. Ke4 {[%clk 0:30:59]} Bg5
{[%clk 0:32:15]} 41. Ke5 {[%clk 0:22:40]} f6+ {[%clk 0:26:55]} 42. Ke4
{[%clk 0:23:04]} Rd7 {[%clk 0:27:22]} 43. Re1 {[%clk 0:22:25]} Rd2
{[%clk 0:25:20]} 44. Kf3+ {[%clk 0:22:27]} Kd7 {[%clk 0:25:43]} 45. Ra1
{[%clk 0:20:50]} Rc2 {[%clk 0:21:20]} 46. Rd1+ {[%clk 0:16:53]} Ke7
{[%clk 0:20:29]} 47. Re1+ {[%clk 0:16:21]} Kd7 {[%clk 0:20:36]} 48. Rh1
{[%clk 0:14:49]} Rc3+ {[%clk 0:20:08]} 49. Ke2 {[%clk 0:14:45]} Bh6
{[%clk 0:15:03]} 50. g5 {[%clk 0:10:00]} fxg5 {[%clk 0:15:06]} 51. f6
{[%clk 0:08:23]} g4 {[%clk 0:13:19]} 52. Rd1+ {[%clk 0:08:48]} Ke8
{[%clk 0:11:58]} 53. Rd6 {[%clk 0:08:44]} Rc2+ {[%clk 0:08:33]} 54. Kf1
{[%clk 0:08:48]} Bf8 {[%clk 0:08:24]} 55. f7+ {[%clk 0:05:38]} Ke7
{[%clk 0:08:50]} 56. Re6+ {[%clk 0:05:56]} Kxf7 {[%clk 0:08:25]} 57. Re2+
{[%clk 0:06:00]} Rxc4 {[%clk 0:08:49]} 58. bxc4 {[%clk 0:06:28]} Bd6
{[%clk 0:07:12]} 59. Re4 {[%clk 0:06:15]} g3 {[%clk 0:07:32]} 60. Rg4
{[%clk 0:06:36]} Be5 {[%clk 0:07:45]} 61. h6 {[%clk 0:05:55]} Kf6
{[%clk 0:08:00]} 62. h7 {[%clk 0:05:09]} 1-0

[Event "WCO 2016"]
[Site "?"]
[Date "2016.09.11"]
[Round "9"]
[Board "19"]
[WhiteID "5007844"]
[White "Tania Sachdev"]
[BlackID "1033689"]
[Black "Kazarian Anna-Maja"]
[Result "1-0"]
[BlackElo "2231"]
[WhiteElo "2402"]
[LiveChessVersion "1.4.8"]

1. d4 {[%clk 1:30:49]} d5 {[%clk 1:30:56]} 2. c4 {[%clk 1:31:14]} c6
{[%clk 1:31:22]} 3. Nf3 {[%clk 1:31:39]} Nf6 {[%clk 1:31:48]} 4. Nc3
{[%clk 1:32:03]} e6 {[%clk 1:32:01]} 5. g3 {[%clk 1:32:26]} dxc4 {[%clk 1:32:16]}
6. Bg2 {[%clk 1:32:50]} b5 {[%clk 1:32:28]} 7. Ne5 {[%clk 1:32:42]} a6
{[%clk 1:32:27]} 8. a4 {[%clk 1:31:21]} Bb7 {[%clk 1:31:29]} 9. O-O
{[%clk 1:31:34]} Qc8 {[%clk 1:31:29]} 10. Bg5 {[%clk 1:31:33]} Nbd7
{[%clk 1:25:55]} 11. Bxf6 {[%clk 1:24:08]} gxf6 {[%clk 1:24:17]} 12. Nxd7
{[%clk 1:20:31]} Qxd7 {[%clk 1:24:41]} 13. b3 {[%clk 1:11:57]} b4
{[%clk 1:18:22]} 14. Ne4 {[%clk 1:12:02]} Be7 {[%clk 1:18:48]} 15. bxc4
{[%clk 1:11:38]} f5 {[%clk 1:19:10]} 16. Nc5 {[%clk 1:07:09]} Bxc5
{[%clk 1:19:28]} 17. dxc5 {[%clk 1:07:37]} a5 {[%clk 1:07:52]} 18. Qc1
{[%clk 1:01:38]} O-O-O {[%clk 1:07:31]} 19. Qg5 {[%clk 0:52:04]} Qd4
{[%clk 0:52:23]} 20. Qh5 {[%clk 0:51:58]} Qf6 {[%clk 0:48:42]} 21. Rad1
{[%clk 0:32:40]} Rxd1 {[%clk 0:42:38]} 22. Rxd1 {[%clk 0:33:08]} Rd8
{[%clk 0:42:22]} 23. e4 {[%clk 0:32:50]} b3 {[%clk 0:35:29]} 24. Rxd8+
{[%clk 0:21:36]} Qxd8 {[%clk 0:35:55]} 25. exf5 {[%clk 0:22:04]} Qd3
{[%clk 0:06:44]} 26. Qxf7 {[%clk 0:18:36]} Kb8 {[%clk 0:06:22]} 27. Qxe6
{[%clk 0:08:51]} Qd1+ {[%clk 0:05:31]} 28. Bf1 {[%clk 0:09:19]} Ka7
{[%clk 0:05:26]} 29. Qe5 {[%clk 0:08:51]} Qc2 {[%clk 0:02:13]} 30. f6
{[%clk 0:07:06]} b2 {[%clk 0:00:41]} 31. f7 {[%clk 0:07:34]} b1=Q
{[%clk 0:00:50]} 32. f8=Q {[%clk 0:07:58]} Ka6 {[%clk 0:00:36]} 33. Qeb8
{[%clk 0:07:09]} Qxf1+ {[%clk 0:00:36]} 34. Kxf1 {[%clk 0:07:35]} Qxc4+
{[%clk 0:00:49]} 35. Kg2 {[%clk 0:07:41]} Qxa4 {[%clk 0:01:05]} 36. Qfe8
{[%clk 0:05:48]} Qc4 {[%clk 0:01:10]} 37. Qee5 {[%clk 0:05:43]} a4
{[%clk 0:01:16]} 38. Qbc7 {[%clk 0:06:01]} 1-0